Analýza znalostí legislatívy marketingového mixu diplomová práca

Salvato in:
Dettagli Bibliografici
Autore principale: Szomolányiová, Martina
Ente Autore: Obchodná fakulta EU. Katedra marketingu
Altri autori: Chebeň, Juraj
Natura: Libro
Lingua:slovacco
Pubblicazione: Bratislava 2010
Tags: Aggiungi Tag
Nessun Tag, puoi essere il primo ad aggiungerne!!

MARC

LEADER 00000nam$a2200000$$$4500
001 0122001
005 20240318121824.3
041 0 |a slo 
044 |a SK 
245 1 0 |a Analýza znalostí legislatívy marketingového mixu  |b diplomová práca  |c Martina Szomolányiová ; škol. Juraj Chebeň 
264 1 |a Bratislava  |c 2010 
300 |a 74 s. 
100 1 |a Szomolányiová, Martina 
700 1 |a Chebeň, Juraj 
710 2 |a Obchodná fakulta EU. Katedra marketingu